01251nam a2200217Ia 4500008004100000020001800041082001600059100001600075245013600091260002200227300001100249500012100260505012500381650005500506700004300561952010900604952009300713952010500806952010500911999001701016120622s9999 xx 000 0 und d a84-8076-606-9 a770.11 D82f aDrew, Helen aFundamentos de la fotografía : introducción a los principios de fotografía / Helen Drew ; tr. de Francisco Rosés Martínez aBarcelona : Blume a191 p. aTraducción de: The Fundamentals of Photography Incluye: Conclusión p. 184-185; Glosario de términos p. 186-191 aEquipo básico e iniciación.- Composición.- Género.- Iluminación.- Procesado y positivado.- Romper las reglas.- aFOTOGRAFÍA\ \ FOTOGRAFÍA - EQUIPO Y ACCESORIOS aRosés Martínez, Francisco ; tr.Ì 00104070a01b01d2011-08-26l17m2o770.11 D82Fp01 012934r2018-06-18s2018-06-12t1w2012-06-24yLB 00104070a01b01d2011-08-26l0o770.11 D82Fp01 012935r2012-06-24t2w2012-06-24yLB 00104070a01b01d2011-08-26l1o770.11 D82Fp01 012936r2025-10-17s2025-10-07t3w2012-06-24yLB 00104070a01b01d2011-08-26l1o770.11 D82Fp01 012937r2016-11-30s2016-11-30t4w2012-06-24yLB c61299d61299